Statistiques concernant Pokemon - 3ème génération

Cliquez ici pour prendre le quiz!

Statistiques générales

  • Ce quiz a été pris 33 fois
  • Le résultat moyen est 97 sur 135

Statistiques - réponses

Réponse% Correct
Arcko
100%
Braségali
97%
Poussifeu
97%
Zigzaton
97%
Gardevoir
93%
Gobou
93%
Goélise
93%
Massko
93%
Absol
90%
Galifeu
90%
Groudon
90%
Jungko
90%
Kyogre
90%
Négapi
90%
Posipi
90%
Ténéfix
90%
Wailord
90%
Laggron
86%
Medhyèna
86%
Rayquaza
86%
Sharpedo
86%
Tarsal
86%
Wailmer
86%
Bekipan
83%
Chenipotte
83%
Dynavolt
83%
Grahyèna
83%
Kraknoix
83%
Latias
83%
Latios
83%
Milobellus
83%
Regirock
83%
Solaroc
83%
Altaria
79%
Arakdo
79%
Branette
79%
Flobio
79%
Galegon
79%
Gloupti
79%
Hélédelle
79%
Jirachi
79%
Linéon
79%
Mangriff
79%
Nirondelle
79%
Registeel
79%
Armulys
76%
Azurill
76%
Balignon
76%
Camérupt
76%
Chartor
76%
Chuchmur
76%
Deoxys
76%
Drattak
76%
Élecsprint
76%
Galekid
76%
Galeking
76%
Kirlia
76%
Libégon
76%
Métalosse
76%
Mysdibule
76%
Nénupiot
76%
Regice
76%
Skelénox
76%
Stalgamin
76%
Tarinor
76%
Draby
72%
Kaorine
72%
Méditikka
72%
Munja
72%
Papinox
72%
Rosélia
72%
Séléroc
72%
Séviper
72%
Spoink
72%
Terhal
72%
Balbuto
69%
Barbicha
69%
Blindalys
69%
Écrapince
69%
Kaimorse
69%
Lombre
69%
Ludicolo
69%
Métang
69%
Monaflèmit
69%
Morphéo
69%
Oniglali
69%
Parécool
69%
Skitty
69%
Tengalice
69%
Tropius
69%
Barpau
66%
Cacnea
66%
Cacturne
66%
Chapignon
66%
Charmina
66%
Éoko
66%
Hariyama
66%
Ninjask
66%
Obalie
66%
Pifeuil
66%
Spinda
66%
Tylton
66%
Brouhabam
62%
Delcatty
62%
Grainipiot
62%
Polichombr
62%
Carvanha
59%
Chamallot
59%
Charmillon
59%
Coquiperl
59%
Drackhaus
59%
Makuhita
59%
Serpang
59%
Vigoroth
59%
Groret
55%
Kecleon
55%
Lovdisc
55%
Lumivole
55%
Maskadra
55%
Muciole
55%
Ningale
55%
Relicanth
55%
Avaltout
52%
Lilia
52%
Okéoké
52%
Phogleur
52%
Téraclope
52%
Vibraninf
52%
Barloche
45%
Colhomard
45%
Ramboum
45%
Anorith
38%
Rosabyss
38%
Vacilys
38%
Armaldo
34%

Distribution des résultats

Percentile par nombre de réponses

% des personnes avec chaque résultat

Votre développement - résultats

Vous n’avez pas pris ce quiz